Dark alliance the CIA, the Contras, and the crack cocaine explosion (Registro nro. 91308)
[ vista simple ]
| 000 -ENCABEZADO | |
|---|---|
| Número de control [NR] | 00866nam a22002297a 4500 |
| 008 - DE LONGITUD FIJA DE DATOS DE ELEMENTOS - INFORMACIÓN GENERAL | |
| Elementos de longitud fija [NR] | 130821s1998 xxua gr eng |
| 020 ## - NUMERO INTERNACIONAL NORMALIZADO PARA LIBROS [R] | |
| Número Internacional Normalizado del libro [NR] | 1888363932 |
| 040 ## - FUENTE DE CATALOGACION [NR] | |
| Agencia de catalogación original [NR] | Co-BoUCM |
| Idioma de catalogación [NR] | spa |
| 041 00 - CODIGO DE IDIOMA [R] | |
| Código de idioma para texto/pista de sonido o título separado [R] | Inglés |
| 100 1# - ASIENTO PRINCIPAL--NOMBRE PERSONAL [NR] | |
| Nombre personal [NR] | Webb, Gary. |
| ID Autoridad | 171651 |
| 245 10 - MENCION DE TITULO [NR] | |
| Título [NR] | Dark alliance the CIA, the Contras, and the crack cocaine explosion |
| Mención de responsabilidad, etc. [NR] | Gary Webb. |
| 260 ## - PUBLICACION, DISTRIBUCION, ETC. (PIE DE IMPRENTA) [R] | |
| Lugar de publicación, distribución, etc. [R] | Nueva York (Estados Unidos) |
| Nombre del editor, distribuidor, etc. [R] | Seven Stories Press |
| Fecha de publicación, distribución, etc. [R] | c1998 |
| 300 ## - DESCRIPCION FISICA [R] | |
| Extensión [R] | xxiii, 574 páginas |
| Otros detalles físicos [NR] | ilustraciones |
| 504 ## - NOTA DE BIBLIOGRAFIA, ETC. [R] | |
| Nota de bibliografía, etc. [NR] | |
| 650 04 - ASIENTO SECUNDARIO DE MATERIA - TERMINO TEMATICO [R] | |
| Término temático o nombre geográfico como elemento de entrada [NR] | Abuso de drogas |
| Subdivisión geográfica [R] | Estados Unidos |
| 9 (RLIN) | 8283 |
| 650 04 - ASIENTO SECUNDARIO DE MATERIA - TERMINO TEMATICO [R] | |
| Término temático o nombre geográfico como elemento de entrada [NR] | Contrarrevolucionarios |
| Subdivisión geográfica [R] | Nicaragua |
| 9 (RLIN) | 11802 |
| 650 04 - ASIENTO SECUNDARIO DE MATERIA - TERMINO TEMATICO [R] | |
| Término temático o nombre geográfico como elemento de entrada [NR] | Crack |
| Subdivisión geográfica [R] | Estados Unidos |
| 9 (RLIN) | 12074 |
| 650 04 - ASIENTO SECUNDARIO DE MATERIA - TERMINO TEMATICO [R] | |
| Término temático o nombre geográfico como elemento de entrada [NR] | Problemas sociales |
| 9 (RLIN) | 22324 |
| 651 10 - ASIENTO SECUNDARIO DE MATERIA - NOMBRE GEOGRAFICO [R] | |
| Nombre geográfico [NR] | United States |
| Geographic name following place entry element [OBSOLETE] | Central Intelligence Agency |
| 9 (RLIN) | 27383 |
| 942 ## - ELEMENTOS DE ENTRADA AGREGADOS (KOHA) | |
| Tipo de ítem principal el descrito en 300a | Libro |
| Tema principal | Ciencia política |
| Edición | 1 |
| Parte restante de la signatura top. | W365d |
| Sistema de clasificación | DEWEY |
| Clasificación | 363.45 |
| Fecha de último préstamo | Total préstamos | Total Renewals | Signatura topográfica | Código de barras | Última vez visto | Ejemplar | Price effective from | Tipo de ítem | Perdido | Sistema de clasificación | Dañado | No prestable | Tipo de ítem específico | Suprimido | Ubicación habitual | Ubicación actual | Localización | Fecha de creación | Forma de adquisición | Costo |
|---|---|---|---|---|---|---|---|---|---|---|---|---|---|---|---|---|---|---|---|---|
| 21/11/2013 | 3 | 1 | 363.45 W365d | 100088808 | 09/12/2025 | Ej.1 | 03/02/2013 | Libro | DEWEY | Libro | Claustro | Claustro | 2do piso | 28/02/2013 | Compra | 151567.00 |